LEADER 02243oam 2200505Ia 450 001 9910696680203321 005 20081031163658.0 035 $a(CKB)5470000002380057 035 $a(OCoLC)192023946 035 $a(EXLCZ)995470000002380057 100 $a20080214d2007 ua 0 101 0 $aeng 135 $aurmn||||||||| 181 $ctxt$2rdacontent 182 $cc$2rdamedia 183 $acr$2rdacarrier 200 00$aWinter home range and habitat use of the Virginia northern flying squirrel (Glaucomys sabrinus fuscus)$b[electronic resource] /$fW. Mark Ford ... [and others] 210 1$aNewtown Square, PA :$cU.S. Dept. of Agriculture, Forest Service, Northern Research Station,$d[2007] 215 $a12 pages $cdigital, PDF file 225 1 $aResearch paper NRS ;$v4 300 $aTitle from title screen (viewed on Oct. 31, 2008). 300 $a"December 2007." 320 $aIncludes bibliographical references. 517 $aWinter home range and habitat use of the Virginia northern flying squirrel 606 $aNorthern flying squirrel$xWintering$zAllegheny Mountains 606 $aNorthern flying squirrel$xWintering$zWest Virginia$zCanaan Valley National Wildlife Refuge 606 $aNorthern flying squirrel$xHome range$zAllegheny Mountains 606 $aNorthern flying squirrel$xHome range$zWest Virginia$zCanaan Valley National Wildlife Refuge 606 $aNorthern flying squirrel$xBehavior$zAllegheny Mountains 606 $aNorthern flying squirrel$xBehavior$zWest Virginia$zCanaan Valley National Wildlife Refuge 615 0$aNorthern flying squirrel$xWintering 615 0$aNorthern flying squirrel$xWintering 615 0$aNorthern flying squirrel$xHome range 615 0$aNorthern flying squirrel$xHome range 615 0$aNorthern flying squirrel$xBehavior 615 0$aNorthern flying squirrel$xBehavior 701 $aFord$b W. Mark$01383895 712 02$aUnited States.$bForest Service.$bNorthern Research Station. 801 0$bORE 801 1$bORE 801 2$bGPO 906 $aBOOK 912 $a9910696680203321 996 $aWinter home range and habitat use of the Virginia northern flying squirrel (Glaucomys sabrinus fuscus)$93455378 997 $aUNINA